000 00375nam a2200145Ia 4500
008 220204s9999 xx 000 0 und d
082 _a581.331.2
_bNAI
100 _aNAIR, P K K
245 0 _aAdvances in palynology
260 _aLucknow
_bNational Botanic Gardens
_c1964
650 _aPalynology
650 _aPollen physiology
650 _aPollen sterility
942 _cBK
999 _c20717
_d20717